Crianza de terneros con cantidades mínimas de leche y sustitutivos lácteos / (Record no. 63070)

MARC details
000 -LEADER
campo de control de longitud fija 00687nam a2200193 i 4500
001 - NÚMERO DE CONTROL
campo de control 63070
003 - IDENTIFICADOR DE NÚMERO DE CONTROL
campo de control ES-MaACL
005 - FECHA Y HORA DE LA ÚLTIMA TRANSACCIÓN
campo de control 20230906164800.0
007 - CAMPO FIJO DE DESCRIPCIÓN FÍSICA--INFORMACIÓN GENERAL
campo de control de longitud fija t|
008 - DATOS DE LONGITUD FIJA--INFORMACIÓN GENERAL
campo de control de longitud fija 031128s1973 sp ||||1| spa d
100 1# - ENTRADA PRINCIPAL--NOMBRE DE PERSONA
Nombre de persona Fernández-Quintanilla, César.
9 (RLIN) 50018
245 10 - MENCIÓN DEL TÍTULO
Título Crianza de terneros con cantidades mínimas de leche y sustitutivos lácteos /
Mención de responsabilidad, etc. por César Fernández-Quintanilla ; gráficos de Luis Sauce ; dibujos de Antonio Aguirre.
250 ## - MENCION DE EDICION
Mención de edición [3ª ed.].
260 ## - PUBLICACIÓN, DISTRIBUCIÓN, ETC.
Lugar de publicación, distribución, etc. Madrid :
Nombre del editor, distribuidor, etc. Extensión Agraria,
Fecha de publicación, distribución, etc. 1973.
300 ## - DESCRIPCIÓN FÍSICA
Extensión 63 p., 1 lám. :
Otras características físicas il. ;
Dimensiones 24 cm.
700 1# - ENTRADA AGREGADA--NOMBRE PERSONAL
Nombre de persona Sauce, Luis.
9 (RLIN) 103956
700 1# - ENTRADA AGREGADA--NOMBRE PERSONAL
Nombre de persona Aguirre, Antonio.
9 (RLIN) 18810
852 ## - LOCALIZACIÓN
Ubicación ES-MaACL
Número de control de estantería C-55079
Sublocalización o colección R.87786
Holdings
Estatus retirado Estado de pérdida Estado de daño No para préstamo Biblioteca de origen Biblioteca actual Ubicación en estantería Fecha de adquisición Fuente de adquisición Total de préstamos Signatura topográfica completa Código de barras Visto por última vez Precio de reemplazo Tipo de ítem Koha
        Biblioteca del Ateneo de Madrid Biblioteca del Ateneo de Madrid Depósito 2 17/01/2008     C-55079 1066118 23/02/2023 23/02/2023 Libro impreso